[Event "Open SSC Rostock 07"]
[Site "Rostock"]
[Date "2008.08.28"]
[Round "1.1"]
[White "Szelag, Marcin"]
[Black "Hingst, Silke"]
[Result "1-0"]
[WhiteElo "2474"]
[BlackElo "1774"]
[PlyCount "73"]
[EventDate "2008.08.28"]
[EventType "swiss"]
[EventRounds "7"]
[EventCountry "GER"]
[Source "Th.Schwetlick"]
[SourceDate "2008.08.28"]
[WhiteTeam "SSC Rostock 07"]
[BlackTeam "SSC Rostock 07"]

1. e4 e5 2. Nf3 Nc6 3. Bb5 a6 4. Ba4 Nf6 5. O-O b5 6. Bb3 Be7 7. Re1 O-O 8. c3
d6 9. h3 Na5 10. Bc2 c5 11. d4 Nc6 12. d5 Na5 13. b3 Bd7 14. Be3 c4 15. b4 Nb7
16. a4 a5 17. Nfd2 Qc7 18. Na3 axb4 19. cxb4 c3 20. Ndb1 bxa4 21. Qd3 Rfb8 22.
Nxc3 Nd8 23. b5 Nh5 24. Bxa4 Nb7 25. b6 Qd8 26. Bxd7 Qxd7 27. Qb5 Nf6 28. Qb4
Bd8 29. Nc4 Qc8 30. Ra7 Nc5 31. Nxd6 Nd3 32. Nxc8 Nxb4 33. Rxa8 Rxa8 34. Rb1
Rxc8 35. b7 Rb8 36. Rxb4 Kf8 37. Ba7 1-0

[Event "Open SSC Rostock 07"]
[Site "Rostock"]
[Date "2008.08.28"]
[Round "1.2"]
[White "Boehm, Matthias"]
[Black "Tomczak, Rafal"]
[Result "0-1"]
[WhiteElo "1756"]
[BlackElo "2350"]
[PlyCount "70"]
[EventDate "2008.08.28"]
[EventType "swiss"]
[EventRounds "7"]
[EventCountry "GER"]
[Source "Th.Schwetlick"]
[SourceDate "2008.08.28"]
[WhiteTeam "HSG Uni Rostock"]
[BlackTeam "SSC Rostock 07"]

1. e4 c5 2. f4 d5 3. exd5 Qxd5 4. Nc3 Qd8 5. Nf3 Nc6 6. Bc4 e6 7. Ne5 Nxe5 8.
fxe5 a6 9. a4 Qd4 10. Qe2 Ne7 11. Bb5+ Kd8 12. Bc4 Ng6 13. d3 Qxe5 14. Be3 Bd7
15. O-O-O Ke8 16. Rhf1 Be7 17. Qf2 f6 18. h4 Qc7 19. Rde1 Qc6 20. h5 Ne5 21.
Qg3 Rg8 22. Bf4 Nxc4 23. dxc4 Rd8 24. Bh6 Kf7 25. Bg5 Bc8 26. b3 Rd4 27. Be3
Rd7 28. Bg1 Rf8 29. Ne4 Kg8 30. Bxc5 Bxc5 31. Nxf6+ Rxf6 32. Rxf6 Qd6 33. Rexe6
Qd1+ 34. Kb2 Bd4+ 35. c3 Bxf6 0-1

[Event "Open SSC Rostock 07"]
[Site "Rostock"]
[Date "2008.08.28"]
[Round "1.3"]
[White "Steinhagen, Bernd"]
[Black "Jeske, Holger"]
[Result "1/2-1/2"]
[WhiteElo "2316"]
[BlackElo "1748"]
[PlyCount "47"]
[EventDate "2008.08.28"]
[EventType "swiss"]
[EventRounds "7"]
[EventCountry "GER"]
[Source "Th.Schwetlick"]
[SourceDate "2008.08.28"]
[WhiteTeam "SC Rotation Pankow"]
[BlackTeam "SSC Rostock 07"]

1. c4 c6 2. e4 g6 3. Nc3 Bg7 4. g3 e5 5. Bg2 d6 6. Nge2 Be6 7. d3 Ne7 8. Be3
O-O 9. O-O Qd7 10. Qd2 c5 11. b4 Na6 12. b5 Nc7 13. a4 Bh3 14. Rfb1 Bxg2 15.
Kxg2 Ne6 16. Nd5 Nd4 17. Nxe7+ Qxe7 18. Nc3 f5 19. Bxd4 cxd4 20. Nd5 Qf7 21. f3
fxe4 22. fxe4 Qf3+ 23. Kg1 Bh6 24. Qxh6 1/2-1/2

[Event "Open SSC Rostock 07"]
[Site "Rostock"]
[Date "2008.08.28"]
[Round "1.4"]
[White "Kaulich, Philipp Theodor"]
[Black "Schulz, Michael"]
[Result "0-1"]
[WhiteElo "1745"]
[BlackElo "2260"]
[PlyCount "76"]
[EventDate "2008.08.28"]
[EventType "swiss"]
[EventRounds "7"]
[EventCountry "GER"]
[Source "Th.Schwetlick"]
[SourceDate "2008.08.28"]
[WhiteTeam "SK Bebenhausen 1992"]
[BlackTeam "SC Zitadelle Spandau 1977"]

1. e4 e6 2. d4 d5 3. e5 c5 4. c3 Bd7 5. a3 Qb6 6. b4 c4 7. a4 f6 8. exf6 Nxf6
9. Nf3 Bd6 10. Be2 O-O 11. O-O Qc7 12. Qc2 Nc6 13. Ba3 b5 14. axb5 Ne7 15. h3
Ng6 16. Bc1 Bxb5 17. Bg5 a6 18. Nbd2 Qd7 19. g3 Qc7 20. Kg2 a5 21. bxa5 Rxa5
22. h4 Rfa8 23. Rxa5 Rxa5 24. h5 Ba4 25. Qb1 Nf8 26. h6 Rb5 27. Qa1 Bc2 28.
hxg7 Kxg7 29. Rh1 Ne4 30. Bh6+ Kg8 31. Nxe4 Bxe4 32. Qc1 Ng6 33. Qg5 Qe7 34.
Qh5 Rb2 35. Bg5 Qf7 36. Bf1 Rc2 37. Qg4 Rxc3 38. Bd2 Bxf3+ 0-1

[Event "Open SSC Rostock 07"]
[Site "Rostock"]
[Date "2008.08.28"]
[Round "1.6"]
[White "Vladov, Mark"]
[Black "Rolle, Eric"]
[Result "0-1"]
[WhiteElo "1708"]
[BlackElo "2241"]
[PlyCount "102"]
[EventDate "2008.08.28"]
[EventType "swiss"]
[EventRounds "7"]
[EventCountry "GER"]
[Source "Th.Schwetlick"]
[SourceDate "2008.08.28"]
[WhiteTeam "SF Ostsee Warnemuende"]
[BlackTeam "ESV 1949 Eberswalde"]

1. c4 Nf6 2. Nf3 g6 3. Nc3 Bg7 4. g3 O-O 5. Bg2 d6 6. d4 Nc6 7. O-O a6 8. h3
Rb8 9. e3 Na5 10. Qe2 b5 11. Nd2 c5 12. dxc5 dxc5 13. Rd1 Qb6 14. Rb1 Be6 15.
b3 Rfd8 16. e4 Nc6 17. Nd5 Nd4 18. Qd3 Nxd5 19. cxd5 Bc8 20. Bb2 e6 21. Bxd4
cxd4 22. dxe6 fxe6 23. Rbc1 Bb7 24. b4 Bf8 25. a3 a5 26. Rb1 a4 27. Nf3 Rbc8
28. Rbc1 Bg7 29. h4 Rc6 30. Bf1 Ba6 31. Qd2 e5 32. Bd3 Rf8 33. Rxc6 Qxc6 34.
Rc1 Qf6 35. Be2 Bc8 36. Kg2 Be6 37. Rc6 Bh3+ 38. Kxh3 Qxc6 39. Ng5 Bf6 40. Qa2+
Kh8 41. Ne6 Re8 42. Nc5 Be7 43. Qd5 Qxd5 44. exd5 Rd8 45. Nd3 e4 46. Nf4 d3 47.
Bg4 Bxb4 48. axb4 a3 49. h5 a2 50. hxg6 a1=Q 51. Ne6 Qh1# 0-1

[Event "Open SSC Rostock 07"]
[Site "Rostock"]
[Date "2008.08.28"]
[Round "1.7"]
[White "Kliewe, Hans Juergen"]
[Black "Appel, Gerald"]
[Result "1-0"]
[WhiteElo "2192"]
[BlackElo "1722"]
[PlyCount "79"]
[EventDate "2008.08.28"]
[EventType "swiss"]
[EventRounds "7"]
[EventCountry "GER"]
[Source "Th.Schwetlick"]
[SourceDate "2008.08.28"]
[WhiteTeam "ASV Gruen-Weiss Wismar"]
[BlackTeam "SV Motor Wolgast 1949"]

1. d4 Nf6 2. Nf3 g6 3. Bf4 Bg7 4. c3 d6 5. Nbd2 Bf5 6. Qb3 Qc8 7. e3 Be6 8. c4
Nbd7 9. h3 Nb6 10. Be2 c5 11. a4 d5 12. Rc1 Nbd7 13. O-O O-O 14. Ng5 dxc4 15.
Bxc4 Bxc4 16. Rxc4 b6 17. Qc2 Qa6 18. dxc5 Nxc5 19. b4 Ncd7 20. b5 Qb7 21. Rc7
Qd5 22. e4 Qd4 23. Rc4 Qxc4 24. Qxc4 Rac8 25. Qa2 h6 26. Ngf3 Nc5 27. Ne5 Nh5
28. Nxg6 Nxf4 29. Nxf4 Kh7 30. Nd5 e6 31. Ne7 Rcd8 32. Nc6 Rd3 33. e5 Rg8 34.
Qc2 Kh8 35. Ne4 Nxe4 36. Qxd3 Ng5 37. f4 Nh7 38. Qd7 Bf8 39. Nd8 Bc5+ 40. Kh2
1-0

[Event "Open SSC Rostock 07"]
[Site "Rostock"]
[Date "2008.08.28"]
[Round "1.8"]
[White "Schreiber, Nico"]
[Black "Stiemerling, Wilfried"]
[Result "0-1"]
[WhiteElo "1685"]
[BlackElo "2184"]
[PlyCount "46"]
[EventDate "2008.08.28"]
[EventType "swiss"]
[EventRounds "7"]
[EventCountry "GER"]
[Source "Th.Schwetlick"]
[SourceDate "2008.08.28"]
[WhiteTeam "ASV Gruen-Weiss Wismar"]
[BlackTeam "SC Rotation Pankow"]

1. d4 d5 2. Nf3 Nf6 3. Bf4 e6 4. Nbd2 Bd6 5. Bg3 O-O 6. e3 b6 7. Bd3 Bb7 8. Ne5
c5 9. Bh4 Be7 10. Bxf6 Bxf6 11. Ndf3 Nc6 12. Nxc6 Bxc6 13. c3 Qd6 14. Rc1 a5
15. a4 Rfe8 16. O-O Red8 17. b3 Rab8 18. Qc2 g6 19. Qe2 Rdc8 20. Ra1 Rc7 21.
Rfc1 Rbc8 22. Ra2 Bb7 23. Rac2 c4 0-1

[Event "Open SSC Rostock 07"]
[Site "Rostock"]
[Date "2008.08.28"]
[Round "1.9"]
[White "Porsch, Harald"]
[Black "Moeller, Stefan"]
[Result "1/2-1/2"]
[WhiteElo "2195"]
[BlackElo "1684"]
[PlyCount "157"]
[EventDate "2008.08.28"]
[EventType "swiss"]
[EventRounds "7"]
[EventCountry "GER"]
[Source "Th.Schwetlick"]
[SourceDate "2008.08.28"]
[WhiteTeam "SC Rotation Pankow"]
[BlackTeam "HSG Uni Rostock"]

1. e4 e5 2. Nf3 Nc6 3. d4 exd4 4. Nxd4 Bc5 5. Be3 Qf6 6. c3 Nge7 7. Be2 d6 8.
O-O Bd7 9. Kh1 O-O-O 10. a4 d5 11. Nc2 Bxe3 12. fxe3 Qg6 13. exd5 Bf5 14. Nd4
Nxd4 15. Qxd4 Be4 16. Bf3 Bxf3 17. gxf3 Rxd5 18. Qg4+ Qxg4 19. fxg4 f6 20. Na3
Nc6 21. Rf5 Rhd8 22. Raf1 Ne5 23. g5 Ng4 24. Rxd5 Rxd5 25. gxf6 Nxf6 26. Nc4
Kd8 27. Rf4 Ke7 28. Kg2 h6 29. h4 g5 30. hxg5 hxg5 31. Rf1 Ke6 32. Rh1 Ne4 33.
Rh6+ Kf5 34. Rh7 Rc5 35. b3 Nxc3 36. Rf7+ Kg6 37. Re7 Kf6 38. Re8 Nxa4 39. Rf8+
Kg7 40. Re8 Nc3 41. e4 Kf7 42. Ra8 Nxe4 43. Rxa7 Rb5 44. Ra3 Ke6 45. Kf3 Nc5
46. Nd2 Kf5 47. Ke3 g4 48. Ra8 Nxb3 49. Rf8+ Ke6 50. Ne4 c5 51. Rg8 c4 52. Rg6+
Kd7 53. Rxg4 Rb4 54. Nc3 Na5 55. Rg7+ Kc6 56. Rg6+ Kd7 57. Rg7+ Ke6 58. Rh7 Nc6
59. Rh6+ Kd7 60. Rh7+ Ke8 61. Rh6 Rb3 62. Kd2 Nd4 63. Rh5 Kf7 64. Rc5 Nf3+ 65.
Kc2 Ne1+ 66. Kd2 Nf3+ 67. Kc2 Nd4+ 68. Kd2 Rb2+ 69. Kd1 Rd2+ 70. Ke1 Nf3+ 71.
Kf1 Rd3 72. Ne4 Rd4 73. Nc3 Nd2+ 74. Kg1 Ne4 75. Rc7+ Ke6 76. Nb5 Rd1+ 77. Kg2
c3 78. Nxc3 Nxc3 79. Rxb7 1/2-1/2

[Event "Open SSC Rostock 07"]
[Site "Rostock"]
[Date "2008.08.28"]
[Round "1.10"]
[White "Hasenberg, Harald"]
[Black "Jahn, Constanze"]
[Result "0-1"]
[WhiteElo "1678"]
[BlackElo "2150"]
[PlyCount "66"]
[EventDate "2008.08.28"]
[EventType "swiss"]
[EventRounds "7"]
[EventCountry "GER"]
[Source "Th.Schwetlick"]
[SourceDate "2008.08.28"]
[WhiteTeam "SSC Rostock 07"]
[BlackTeam "USV Halle"]

1. d4 Nf6 2. c4 e6 3. g3 Bb4+ 4. Bd2 Be7 5. Bg2 d5 6. Nf3 O-O 7. Nc3 Ne4 8. O-O
Nxd2 9. Nxd2 Bf6 10. e3 c6 11. f4 g6 12. b4 Qb6 13. Na4 Qxb4 14. Rb1 Qe7 15. c5
Nd7 16. Nb3 b6 17. Rf2 Ba6 18. Rfb2 Bb5 19. Nc3 bxc5 20. Nxb5 cxb5 21. Na5 a6
22. a4 Qd8 23. Nc6 Qc7 24. axb5 axb5 25. Ne5 b4 26. dxc5 Nxe5 27. fxe5 Bxe5 28.
Rxb4 Qxc5 29. Qd3 Rfc8 30. g4 Ra2 31. h3 Bg3 32. R4b3 Bc7 33. Rc3 Qxc3 0-1

[Event "Open SSC Rostock 07"]
[Site "Rostock"]
[Date "2008.08.28"]
[Round "1.11"]
[White "Hanisch, Sebastian"]
[Black "Jaehn, Justin"]
[Result "1-0"]
[WhiteElo "2109"]
[BlackElo "1635"]
[PlyCount "63"]
[EventDate "2008.08.28"]
[EventType "swiss"]
[EventRounds "7"]
[EventCountry "GER"]
[Source "Th.Schwetlick"]
[SourceDate "2008.08.28"]
[WhiteTeam "SF Schwerin"]
[BlackTeam "SF Schwerin"]

1. c4 c5 2. Nc3 Nc6 3. g3 b6 4. Bg2 Bb7 5. e3 g6 6. d4 d6 7. Nge2 Bg7 8. O-O f5
9. d5 Ne5 10. Nf4 Bc8 11. e4 Nf6 12. Ne6 Bxe6 13. dxe6 fxe4 14. Qa4+ Kf8 15.
Nxe4 Rb8 16. f4 Neg4 17. h3 Nxe4 18. Bxe4 Nf6 19. Bg2 h6 20. Qc2 Qe8 21. g4 Kg8
22. Bd2 Kh7 23. Rf3 Rd8 24. Ra3 a5 25. Rb3 Rb8 26. Bf3 Kg8 27. Rf1 Bf8 28. g5
hxg5 29. fxg5 Nh5 30. Be4 Kh7 31. Rf7+ Ng7 32. Bxg6+ 1-0

[Event "Open SSC Rostock 07"]
[Site "Rostock"]
[Date "2008.08.28"]
[Round "1.12"]
[White "Weber, Max"]
[Black "Birnbaum, Wolf Dieter"]
[Result "1-0"]
[WhiteElo "1614"]
[BlackElo "2096"]
[PlyCount "59"]
[EventDate "2008.08.28"]
[EventType "swiss"]
[EventRounds "7"]
[EventCountry "GER"]
[Source "Th.Schwetlick"]
[SourceDate "2008.08.28"]
[WhiteTeam "SSC Rostock 07"]
[BlackTeam "SF Ostsee Warnemuende"]

1. e4 Nf6 2. e5 Nd5 3. c4 Nb6 4. d4 d6 5. exd6 cxd6 6. Nc3 g6 7. Nf3 Bg7 8. Be3
O-O 9. Be2 Nc6 10. O-O Bg4 11. b3 d5 12. c5 Nc8 13. Rc1 e6 14. h3 Bxf3 15. Bxf3
N8e7 16. Ne2 Nf5 17. Bg4 Nxe3 18. fxe3 e5 19. dxe5 Nxe5 20. Nf4 Nxg4 21. Qxg4
Qa5 22. Nxd5 Qxa2 23. Qc4 Qb2 24. Rc2 Qe5 25. Rcf2 Rad8 26. e4 Qd4 27. Qc2 Rde8
28. Re1 f5 29. Kh1 Be5 30. Rd2 1-0

[Event "Open SSC Rostock 07"]
[Site "Rostock"]
[Date "2008.08.28"]
[Round "1.13"]
[White "Hauff, Andre"]
[Black "Jaensch, Robert"]
[Result "1-0"]
[WhiteElo "2095"]
[BlackElo "1577"]
[PlyCount "47"]
[EventDate "2008.08.28"]
[EventType "swiss"]
[EventRounds "7"]
[EventCountry "GER"]
[Source "Th.Schwetlick"]
[SourceDate "2008.08.28"]
[WhiteTeam "ESV 1949 Eberswalde"]
[BlackTeam "SSC Rostock 07"]

1. d4 d5 2. c4 c6 3. Nc3 Nf6 4. Nf3 e6 5. Bg5 Nbd7 6. e3 a6 7. cxd5 exd5 8. Bd3
Bd6 9. Qc2 h6 10. Bh4 O-O 11. O-O-O Qc7 12. g4 h5 13. g5 Ng4 14. g6 f6 15. h3
Nh6 16. Qe2 Re8 17. Nd2 b5 18. Qxh5 Nb6 19. Bxf6 b4 20. Ne2 c5 21. dxc5 Qxc5+
22. Kb1 Nc4 23. Nxc4 dxc4 24. Qxc5 1-0

[Event "Open SSC Rostock 07"]
[Site "Rostock"]
[Date "2008.08.28"]
[Round "1.14"]
[White "Bezkorovaynyy, Mykola"]
[Black "Hamann, Dirk"]
[Result "0-1"]
[WhiteElo "1612"]
[BlackElo "2088"]
[PlyCount "96"]
[EventDate "2008.08.28"]
[EventType "swiss"]
[EventRounds "7"]
[EventCountry "GER"]
[Source "Th.Schwetlick"]
[SourceDate "2008.08.28"]
[WhiteTeam "ESV Rot-Weiss Goettingen"]
[BlackTeam "SF Ostsee Warnemuende"]

1. c4 Nf6 2. Nc3 g6 3. b4 Bg7 4. Bb2 O-O 5. Nf3 d6 6. e3 e5 7. d3 Nh5 8. e4 f5
9. Be2 Nf4 10. O-O Nxe2+ 11. Nxe2 c6 12. b5 Be6 13. Qc2 c5 14. Nc3 f4 15. Nd5
Nd7 16. a4 g5 17. h3 h5 18. Qe2 g4 19. hxg4 hxg4 20. Nh2 f3 21. Qd2 Bxd5 22.
cxd5 Qh4 23. Bc1 fxg2 24. Re1 Bh6 25. Qe2 Bxc1 26. Rexc1 Rf4 27. Rc2 Kg7 28. a5
Rh8 29. f3 g3 30. Qxg2 Qxh2+ 31. Qxh2 gxh2+ 32. Kh1 Rxf3 33. Rg2+ Kf7 34. Rd1
Nf6 35. b6 axb6 36. axb6 Rf4 37. Re2 Ng4 38. Kg2 h1=Q+ 39. Rxh1 Rxh1 40. Kxh1
Nf2+ 41. Kg2 Nxd3 42. Ra2 Rf2+ 43. Rxf2+ Nxf2 44. Kxf2 Kg6 45. Kg3 Kg5 46. Kf3
Kh4 47. Kf2 Kg4 48. Ke3 Kg3 0-1

[Event "Open SSC Rostock 07"]
[Site "Rostock"]
[Date "2008.08.28"]
[Round "1.15"]
[White "Valet, Richard"]
[Black "Mueggenburg, Rolf"]
[Result "1-0"]
[WhiteElo "2071"]
[BlackElo "1533"]
[PlyCount "62"]
[EventDate "2008.08.28"]
[EventType "swiss"]
[EventRounds "7"]
[EventCountry "GER"]
[Source "Th.Schwetlick"]
[SourceDate "2008.08.28"]
[WhiteTeam "Greifswalder SV"]
[BlackTeam "HSG Uni Rostock"]

1. e4 e5 2. Nf3 Nc6 3. Bc4 d6 4. c3 Be6 5. Bb5 a6 6. Ba4 b5 7. Bc2 d5 8. a4 b4
9. d4 exd4 10. cxd4 f6 11. O-O Qd7 12. Re1 Be7 13. Nbd2 Nh6 14. Nf1 Na5 15. Ne3
c6 16. Qe2 Bf7 17. exd5 cxd5 18. Nf5 Nxf5 19. Bxf5 Qb7 20. Bf4 Ra7 21. Rac1 Nc6
22. Be6 O-O 23. h4 b3 24. Bxf7+ Rxf7 25. Qe6 Nd8 26. Rc8 Qd7 27. Qxd7 Rxd7 28.
Ra8 Bb4 29. Re8+ Rf8 30. Rxf8+ Kxf8 31. Rxa6 Ne6 1-0

[Event "Open SSC Rostock 07"]
[Site "Rostock"]
[Date "2008.08.28"]
[Round "1.16"]
[White "Jepp, Wolfgang"]
[Black "Stutz, Reno"]
[Result "0-1"]
[WhiteElo "1531"]
[BlackElo "2068"]
[PlyCount "78"]
[EventDate "2008.08.28"]
[EventType "swiss"]
[EventRounds "7"]
[EventCountry "GER"]
[Source "Th.Schwetlick"]
[SourceDate "2008.08.28"]
[WhiteTeam "SV RUGIA Bergen"]
[BlackTeam "ASV Gruen-Weiss Wismar"]

1. e4 d5 2. exd5 Nf6 3. Nc3 Nxd5 4. Nxd5 Qxd5 5. Nf3 Bg4 6. Be2 Nc6 7. O-O e6
8. c3 Be7 9. d4 O-O 10. Ne5 Nxe5 11. Bxg4 Nxg4 12. Qxg4 c5 13. Bh6 Bf6 14. dxc5
Qxc5 15. Rfd1 Rfd8 16. Be3 Qb5 17. Rab1 a6 18. g3 Rxd1+ 19. Qxd1 Rd8 20. Qc2
Qc4 21. a3 Qg4 22. Kg2 b5 23. Rc1 h5 24. h3 Qc4 25. b3 Qd5+ 26. Kg1 Qf3 27. Re1
h4 28. Kh2 hxg3+ 29. fxg3 Be5 30. Bf2 Qxc3 31. Qe4 Rd2 32. Qa8+ Kh7 33. Qe4+ g6
34. Qh4+ Kg7 35. Kg1 Qf3 36. Rf1 Qxb3 37. Qg5 Qb2 38. Qe3 Bd4 39. Qf3 Rxf2 0-1

[Event "Open SSC Rostock 07"]
[Site "Rostock"]
[Date "2008.08.28"]
[Round "1.17"]
[White "Krueger, Alexander"]
[Black "Jaehn, Janis"]
[Result "1-0"]
[WhiteElo "2055"]
[BlackElo "1514"]
[PlyCount "79"]
[EventDate "2008.08.28"]
[EventType "swiss"]
[EventRounds "7"]
[EventCountry "GER"]
[Source "Th.Schwetlick"]
[SourceDate "2008.08.28"]
[WhiteTeam "SF Ostsee Warnemuende"]
[BlackTeam "SF Schwerin"]

1. e4 c5 2. Nf3 e6 3. d4 cxd4 4. Nxd4 a6 5. Be2 d6 6. Nc3 Nf6 7. O-O Qc7 8. Kh1
Be7 9. Bg5 Nbd7 10. f4 O-O 11. f5 e5 12. Nb3 b5 13. Bxf6 Nxf6 14. a3 Bb7 15.
Bf3 Rfd8 16. Qd2 Rab8 17. Rad1 Ba8 18. Qd3 b4 19. axb4 Rxb4 20. Rfe1 Rb6 21.
Ra1 Bb7 22. Ra2 Rc8 23. Na5 Ba8 24. Re3 Rcb8 25. b3 Qc8 26. Nc4 Rc6 27. Re1 Bb7
28. Raa1 Qc7 29. Red1 Rd8 30. Rd2 Rc8 31. Be2 Rd8 32. Qe3 Rb8 33. Rad1 Rd8 34.
Rd3 Rc8 35. Qd2 Rxc4 36. bxc4 Qxc4 37. Rg3 Nxe4 38. Nxe4 Qxe4 39. Bf3 Rxc2 40.
Qh6 1-0

[Event "Open SSC Rostock 07"]
[Site "Rostock"]
[Date "2008.08.28"]
[Round "1.18"]
[White "Friedel, Roland"]
[Black "Kesten, Sebastian"]
[Result "0-1"]
[WhiteElo "1487"]
[BlackElo "2098"]
[PlyCount "78"]
[EventDate "2008.08.28"]
[EventType "swiss"]
[EventRounds "7"]
[EventCountry "GER"]
[Source "Th.Schwetlick"]
[SourceDate "2008.08.28"]
[WhiteTeam "SF Drensteinfurt"]
[BlackTeam "SC Neukloster"]

1. d4 Nf6 2. Nf3 g6 3. Bg5 Bg7 4. e3 O-O 5. Bd3 c5 6. c3 d6 7. O-O Nc6 8. Re1
Qc7 9. Nbd2 e5 10. Bxf6 Bxf6 11. d5 Ne7 12. e4 Bg7 13. c4 f5 14. Ng5 h6 15.
Ngf3 Bf6 16. Nf1 f4 17. N1d2 g5 18. Rf1 g4 19. Ne1 Ng6 20. g3 Bg5 21. Nb1 h5
22. Be2 f3 23. Nxf3 gxf3 24. Bxf3 h4 25. Nc3 Qf7 26. Bg4 a6 27. Bxc8 Raxc8 28.
Qg4 Bh6 29. Qh5 Kg7 30. Qe2 Qd7 31. Nd1 Qh3 32. Ne3 Bxe3 33. Qxe3 Rh8 34. Qg5
hxg3 35. Qxg3 Rh4 36. Qxh3 Rxh3 37. f3 Rf8 38. Kg2 Rfh8 39. Rh1 Nf4+ 0-1

[Event "Open SSC Rostock 07"]
[Site "Rostock"]
[Date "2008.08.28"]
[Round "1.19"]
[White "Friedrich, Paul Robert"]
[Black "Pererva, Viktor"]
[Result "1-0"]
[WhiteElo "2043"]
[BlackElo "1486"]
[PlyCount "37"]
[EventDate "2008.08.28"]
[EventType "swiss"]
[EventRounds "7"]
[EventCountry "GER"]
[Source "Th.Schwetlick"]
[SourceDate "2008.08.28"]
[WhiteTeam "SC Neukloster"]
[BlackTeam "SSC Rostock 07"]

1. d4 d5 2. c4 c6 3. cxd5 cxd5 4. Bf4 Nf6 5. Nc3 e6 6. e3 Bd7 7. Bd3 a6 8. Nf3
Nc6 9. O-O Be7 10. Ne5 O-O 11. Rc1 Rc8 12. Bb1 Re8 13. Qd3 Nb4 14. Qe2 Qb6 15.
Bg5 Qc7 16. Bxf6 Bxf6 17. Bxh7+ Kf8 18. Nxd5 Qxc1 19. Nxd7# 1-0

[Event "Open SSC Rostock 07"]
[Site "Rostock"]
[Date "2008.08.28"]
[Round "1.20"]
[White "Celmer, Ole"]
[Black "Zoll, Detlef"]
[Result "0-1"]
[WhiteElo "1410"]
[BlackElo "2035"]
[PlyCount "44"]
[EventDate "2008.08.28"]
[EventType "swiss"]
[EventRounds "7"]
[EventCountry "GER"]
[Source "Th.Schwetlick"]
[SourceDate "2008.08.28"]
[WhiteTeam "SSC Rostock 07"]
[BlackTeam "ESV 1949 Eberswalde"]

1. e4 e6 2. d4 d5 3. exd5 exd5 4. Bd3 Bd6 5. Nf3 Ne7 6. c3 Bf5 7. Be3 c6 8. Qc2
Qd7 9. Nbd2 Na6 10. O-O O-O 11. a3 Nc7 12. c4 Bxd3 13. Qxd3 dxc4 14. Nxc4 Ncd5
15. Rac1 Bf4 16. Rfe1 Rfe8 17. Bxf4 Nxf4 18. Qc2 Ned5 19. Ne3 Re6 20. Ng5 Rg6
21. h4 h6 22. Nf3 Rxg2+ 0-1

[Event "Open SSC Rostock 07"]
[Site "Rostock"]
[Date "2008.08.28"]
[Round "1.21"]
[White "Lehmann, Torsten"]
[Black "Sura, Christian"]
[Result "1-0"]
[WhiteElo "1970"]
[BlackElo "1405"]
[PlyCount "127"]
[EventDate "2008.08.28"]
[EventType "swiss"]
[EventRounds "7"]
[EventCountry "GER"]
[Source "Th.Schwetlick"]
[SourceDate "2008.08.28"]
[WhiteTeam "ESV 1949 Eberswalde"]
[BlackTeam "SSC Rostock 07"]

1. g3 g6 2. Bg2 Bg7 3. c3 Nf6 4. f3 Nc6 5. Nh3 O-O 6. O-O d6 7. Nf2 e5 8. e4
Bd7 9. d3 Ne7 10. Na3 c6 11. Re1 Qc7 12. Nc2 Rad8 13. Qe2 Rfe8 14. Be3 d5 15.
Rad1 Be6 16. b3 Nc8 17. c4 d4 18. Bd2 a5 19. Rc1 c5 20. Rf1 b6 21. a4 Nd6 22.
f4 Nd7 23. Nh1 Rf8 24. Rf2 f5 25. Rcf1 Rf7 26. Ne1 Rdf8 27. Bh3 Qd8 28. Nf3 Re7
29. Ng5 exf4 30. gxf4 h6 31. Nxe6 Rxe6 32. e5 Nf7 33. Bg2 Nb8 34. Bd5 Re7 35.
Ng3 Na6 36. Kh1 Nc7 37. Qf3 Nxd5 38. cxd5 Qa8 39. d6 Qxf3+ 40. Rxf3 Re6 41. Rg1
Nh8 42. Nf1 Kf7 43. Bc1 Rg8 44. Nd2 Rb8 45. Nc4 Ke8 46. Bd2 Kd7 47. Be1 Kc6 48.
Na3 Nf7 49. Nb5 Nxe5 50. fxe5 Bxe5 51. Bd2 h5 52. Bf4 Bxf4 53. Rxf4 Rbe8 54.
Nc7 Kd7 55. Nxe8 Kxe8 56. Rff1 Rxd6 57. Re1+ Kf7 58. Re5 Kf6 59. Rge1 Rc6 60.
h4 Rd6 61. Kg2 Rc6 62. Kf3 Rd6 63. Kf4 Rc6 64. Rd5 1-0

[Event "Open SSC Rostock 07"]
[Site "Rostock"]
[Date "2008.08.28"]
[Round "1.22"]
[White "Doering, Manfred"]
[Black "Hittinger, Immanuel"]
[Result "0-1"]
[WhiteElo "1286"]
[BlackElo "1941"]
[PlyCount "67"]
[EventDate "2008.08.28"]
[EventType "swiss"]
[EventRounds "7"]
[EventCountry "GER"]
[Source "Th.Schwetlick"]
[SourceDate "2008.08.28"]
[WhiteTeam "SV Einheit Schwerin"]
[BlackTeam "SK Bebenhausen 1992"]

1. d4 d5 2. e3 Nf6 3. Nc3 Bf5 4. Nf3 e6 5. Bd3 Bg6 6. O-O Be7 7. a3 O-O 8. Re1
c5 9. Bd2 Nc6 10. Bxg6 hxg6 11. h3 Nd7 12. Ne2 Bf6 13. c3 Rc8 14. dxc5 Nxc5 15.
Qc2 e5 16. Rad1 Qb6 17. Bc1 e4 18. Nfd4 Nd3 19. Rf1 Nxd4 20. Nxd4 Bxd4 21. exd4
Qxd4 22. Be3 Qf6 23. Qb3 Qc6 24. Bxa7 Ra8 25. Bd4 Rfd8 26. f4 Re8 27. f5 g5 28.
f6 g6 29. Qc2 Qd6 30. Qd2 Qg3 31. Bf2 Nxf2 32. Rxf2 e3 33. Qe2 exf2+ 34. Qxf2 {
ZÜ} 0-1

[Event "Open SSC Rostock 07"]
[Site "Rostock"]
[Date "2008.08.28"]
[Round "1.23"]
[White "Huhnstock, Rico"]
[Black "Schreiber, Felix"]
[Result "1-0"]
[WhiteElo "1885"]
[BlackElo "1292"]
[PlyCount "45"]
[EventDate "2008.08.28"]
[EventType "swiss"]
[EventRounds "7"]
[EventCountry "GER"]
[Source "Th.Schwetlick"]
[SourceDate "2008.08.28"]
[WhiteTeam "Segeberger SF"]
[BlackTeam "ASV Gruen-Weiss Wismar"]

1. e4 e5 2. Nf3 Nf6 3. Nxe5 d6 4. Nf3 Nxe4 5. Nc3 Nxc3 6. dxc3 Bg4 7. Bc4 Nc6
8. Bf4 Be7 9. h3 Bxf3 10. Qxf3 O-O 11. O-O-O Bg5 12. Kb1 Bxf4 13. Qxf4 Ne5 14.
Bb3 Kh8 15. Qd2 f6 16. f4 Nd7 17. g4 Re8 18. h4 Re7 19. g5 fxg5 20. hxg5 Qf8
21. Rxh7+ Kxh7 22. g6+ Kxg6 23. Qg2+ 1-0